| 000 | 00492cam a2200181 4500 | ||
|---|---|---|---|
| 001 | J29 | ||
| 008 | 090401t1982 xxu||||| |||| 00| 0 eng d | ||
| 035 | _a(Sirsi) u37741 | ||
| 041 | _aeng | ||
| 050 | _a336.210212 | ||
| 110 |
_aRating and Valuation Association _91873 |
||
| 245 | _aGeneral rate poundages and products (England and Wales) 1982/83 | ||
| 260 |
_aLondon _bRating and Valuation Association _c1982 |
||
| 300 | _a79p. ; 21cm, | ||
| 350 | _a0 | ||
| 942 | _n0 | ||
| 948 | _c04/03/1997 | ||
| 999 |
_c90541 _d90541 |
||